zpět

Detail výsledku týmu

Pivovarský Dvůr PO, Liberec

Datum a čas kvízu

31.5 Celkem bodů Celkový počet nahraných bodů na tomto kvízu bez doplňovacích otázek.
12. Pořadí na kvízu Konečné umístění týmu na tomto kvízu.

Zaznamenané odpovědi

# Otázka Odpověď Body Výsledky
1. Poslankyně Alena Schillerová z... TikTok 0
2. Ve čtvrtek vystoupil na konfer... C) Jak dostat Putina před soud 1
3. Minulý týden kolovala internet... A) postrádala typické vlnky na povrchu 1
4. Dosavadním rozvážkovým službám... Česká pošta, COOP 0.5
5. Ve čtvrtek byly slavnostně vyh... Zlatý kanár, Barbora Krejčíková 0
6. Téma o nejpoužívanějších aplik... Bolt 1
7. Počet aktivních uživatelů je c... Snapchat 1
8. Jedna aplikace, ve které jsou... Duolingo 0
9. Ve které z těchto zemí jako v... C 0
10. Tento Evropan má kratičké příj... Spotify 0